| 000 | 00375nam a2200145Ia 4500 | ||
|---|---|---|---|
| 008 | 240624s9999 xx 000 0 und d | ||
| 041 | _aeng | ||
| 082 | _a362.110680954 SRI | ||
| 100 | _aSRINIVASAN A V | ||
| 245 | _aMANAGING A MODERN HOSPITAL | ||
| 250 | _a(2nd ed.) | ||
| 260 |
_c2008 _aNew Delhi _bResponse Books |
||
| 300 | _axx, : 371 : p. : cm. ; 24 | ||
| 365 |
_cRS _b30 |
||
| 999 |
_c13755 _d13755 |
||